载入...

Nutrition gap: an economic analysis

书目详细资料
主要作者: Shah, C H
其他作者: Sanghavi, B I, Sawant, S D
格式: Printed Book
语言:Undetermined
出版: Bombay Himalaya publishing House 1983
LEADER 00571nam a2200157Ia 4500
008 161229s9999 xx 000 0 und d
082 |a 338.19 SHA/NU 
100 |a Shah, C H 
245 |a Nutrition gap: an economic analysis 
260 |b Himalaya publishing House  |a Bombay  |c 1983 
300 |a x, 280 
700 |a Sanghavi, B I 
700 |a Sawant, S D 
942 |c BK 
999 |c 153989  |d 153989 
952 |0 0  |1 0  |4 0  |6 338_190000000000000_SHANU  |7 0  |9 153063  |a KAUCLV  |b KAUCLV  |d 2016-12-29  |g 90.00  |o 338.19 SHA/NU  |p 905298  |r 2016-12-29  |w 2016-12-29  |y BK  |z Book transferred from CCBM Library ,Acc.No:1798